Resolution of multiple ssDNA structures in free solution electrophoresis /

Na minha lista:
Detalhes bibliográficos
Autor principal: Fabrizio, Eve F.
Outros Autores: Nadim, Ali., Sterling, James D.
Formato: Atigo
Idioma:English
Assuntos:
Tags: Adicionar Tag
Sem tags, seja o primeiro a adicionar uma tag!
Thư viện lưu trữ: Thư viện Trường Đại học Đà Lạt
LEADER 00944nam a2200313 4500
001 DLU090097377
005 ##20091201
040 # # |a DLU  |b eng 
041 # # |a eng 
044 # # |a us 
100 # # |a Fabrizio, Eve F.  
245 # # |a Resolution of multiple ssDNA structures in free solution electrophoresis /  |c Eve F. Fabrizio, Ali Nadim, James D. Sterling. 
653 # # |a Electrophoresis 
653 # # |a Fluorophore 
653 # # |a Hydrophobic interaction 
653 # # |a Microfluidics 
653 # # |a Single stranded DNA 
700 # # |a Nadim, Ali. 
700 # # |a Sterling, James D. 
773 # # |t Analytical Chemistry  |g Vol. 75, no. 19 (October 2003), p. 5012-5021 
920 # # |a Phòng Tạp chí -- Trung tâm Thông tin - Thư viện Trường Đại học Đà Lạt 
994 # # |a DLU 
900 # # |a True 
911 # # |a Trương Bảo Trâm Anh 
925 # # |a G 
926 # # |a A 
927 # # |a BB 
980 # # |a Thư viện Trường Đại học Đà Lạt